[Event "Tehran Universities-ch"]
[White "Molaei, Mohammadamin"]
[Black "Motaghi, Farbod"]
[Site "Tehran"]
[Round "1"]
[Result "1-0"]
[Date "2020.11.30"]
[WhiteElo "2158"]
[BlackElo "1994"]
[PlyCount "57"]
[EventDate "2020.11.30"]
[EventType "swiss (rapid)"]
[EventRounds "7"]
[EventCountry "IRI"]
[SourceTitle "CBM 199 Extra"]
[Source "ChessBase"]
[SourceDate "2021.01.31"]
[SourceVersion "1"]
[SourceVersionDate "2021.01.31"]
[SourceQuality "1"]

1. d4 d5 2. c4 e6 3. Nf3 c6 4. g3 dxc4 5. Bg2 b5 6. a4 Bb7 7. 0-0 a6 8. b3 cxb3 9. Qxb3 Nd7 10. Rd1 Ngf6 11. Nc3 Be7 12. Ne5 Qc8 13. Ba3 Nd5 14. Nxd5 exd5 15. Bxe7 Kxe7 16. Qa3+ Ke8 17. Bh3 Nxe5 18. Bxc8 Nc4 19. Bxb7 Nxa3 20. Bxa8 b4 21. Bxc6+ Ke7 22. Bxd5 Rd8 23. Bb3 a5 24. Rac1 Rd7 25. e3 Kd6 26. Rc5 Ra7 27. Rdc1 f6 28. f4 h6 29. Kf2 1-0